<?xml version="1.0" encoding="UTF-8"?>
<record
    xmlns:xsi="http://www.w3.org/2001/XMLSchema-instance"
    xsi:schemaLocation="http://www.loc.gov/MARC21/slim http://www.loc.gov/standards/marcxml/schema/MARC21slim.xsd"
    xmlns="http://www.loc.gov/MARC21/slim">

  <leader>05565cam a22005414i 4500</leader>
  <controlfield tag="003">PE-LiUPU</controlfield>
  <controlfield tag="005">20250731173041.0</controlfield>
  <controlfield tag="008">171221s2011    miu     rb    000 0 eng d</controlfield>
  <datafield tag="020" ind1=" " ind2=" ">
    <subfield code="a">9780825425622</subfield>
    <subfield code="q">(Volume 1)</subfield>
  </datafield>
  <datafield tag="020" ind1=" " ind2=" ">
    <subfield code="a">9780825425639</subfield>
    <subfield code="q">(Volume 2)</subfield>
  </datafield>
  <datafield tag="020" ind1=" " ind2=" ">
    <subfield code="a">9780825426667</subfield>
    <subfield code="q">(Volume 3)</subfield>
  </datafield>
  <datafield tag="035" ind1=" " ind2=" ">
    <subfield code="a">(Sirsi) a240621</subfield>
  </datafield>
  <datafield tag="040" ind1=" " ind2=" ">
    <subfield code="a">PE-LiUPU</subfield>
    <subfield code="b">spa</subfield>
    <subfield code="c">PE-LiUPU</subfield>
    <subfield code="e">rda</subfield>
  </datafield>
  <datafield tag="049" ind1=" " ind2=" ">
    <subfield code="a">PRUA</subfield>
  </datafield>
  <datafield tag="082" ind1="0" ind2="4">
    <subfield code="a">223.2077</subfield>
    <subfield code="b">R84</subfield>
    <subfield code="2">22</subfield>
  </datafield>
  <datafield tag="100" ind1="1" ind2=" ">
    <subfield code="a">Ross, Allen P.,</subfield>
    <subfield code="e">autor.</subfield>
  </datafield>
  <datafield tag="245" ind1="1" ind2="2">
    <subfield code="a">A Commentary on the Psalms /</subfield>
    <subfield code="c">Allen P. Ross.</subfield>
  </datafield>
  <datafield tag="264" ind1=" " ind2="1">
    <subfield code="a">Grand Rapids :</subfield>
    <subfield code="b">Kregel Publications,</subfield>
    <subfield code="c">2011.</subfield>
  </datafield>
  <datafield tag="300" ind1=" " ind2=" ">
    <subfield code="a">3 volumenes ;</subfield>
    <subfield code="c">24 cent&#xED;metros</subfield>
  </datafield>
  <datafield tag="336" ind1=" " ind2=" ">
    <subfield code="a">text</subfield>
    <subfield code="2">rdacontent</subfield>
  </datafield>
  <datafield tag="337" ind1=" " ind2=" ">
    <subfield code="a">unmediated</subfield>
    <subfield code="2">rdamedia</subfield>
  </datafield>
  <datafield tag="338" ind1=" " ind2=" ">
    <subfield code="a">volume</subfield>
    <subfield code="2">rdacarrier</subfield>
  </datafield>
  <datafield tag="490" ind1="0" ind2=" ">
    <subfield code="a">Kregel exegetical commentary</subfield>
  </datafield>
  <datafield tag="504" ind1=" " ind2=" ">
    <subfield code="a">Incluye bibliograf&#xED;a.</subfield>
  </datafield>
  <datafield tag="505" ind1="0" ind2=" ">
    <subfield code="a">Volume 1.</subfield>
    <subfield code="a">The life that is blessed -- The coronation of God's Son -- Confidence in the face of adversity -- Safe and secure in God's love in spite of false accusations -- Deliverance from dangerous deception -- A prayer for deliverance from severe chastening -- An appeal of the innocent before the righteous judge -- Glory condescending to mankind -- Confident praise for vindication -- The oppression of the helpless -- Holding fast to the faith -- Truth in a world of deception -- The cry of the afflicted -- The folly and the future of the fool -- Qualifications of worshipers -- The LORD's everlasting provision and protection -- Vindication and protection for the righteous -- A royal thanksgiving for divine intervention in battle -- The design of divine revelation -- Confidence in the name of the LORD -- The triumph of the LORD's anointed -- Afflicted by the wicked, abandoned by God, a cry of despair -- The faithful provisions of the LORD -- Preparation to praise the King of Glory -- The way of the LORD, forgiveness, deliverance, and guidance -- Separation from ainners -- A prayer song of courageous trust -- A confident cry for deliverance from the wicked and their destiny -- The powerful "voice" of the LORD -- A moment in his anger, a lifetime in his favor -- Trust in the time of trouble -- The joy of forgiveness -- A new song of praise for his word and his faithfulness, his righteousness, and his love -- Edifying praise for the goodness of God -- Hated without a cause -- God's preserving, fulfilling love -- The righteousness of divine providence -- Prayer of a sick man suffering because of sin -- The prayer of a desperately sick man -- The song of sacrificial service -- Encouragement for help against treachery.</subfield>
  </datafield>
  <datafield tag="505" ind1="0" ind2=" ">
    <subfield code="a">Volume 2.</subfield>
    <subfield code="a">Yearning for God --  When People Suffer and God Seems Not to Care -- The Royal Wedding Song -- The Powerful Presence of God -- The King over All the Earth -- The City of the Great King -- The Folly of Trusting in Wealth -- A Prophetic Indictment of Hollow and Hypocritical Worship -- The Necessity of Full Forgiveness -- Deliverance from the Deceitful Person -- The Shaming of the Fool -- A Confident Prayer for Deliverance from Violent Men -- Confidence in the Lord in a Time of Betrayal and Oppression -- Confidence in the Lord Who Cares -- A Prayer of a Steadfast Heart -- Unrighteous Judges -- The Triumph of God's Loyal Love over Arrogant Adversaries -- Assurance from God's Oracles -- The Rock Higher Than I -- Silent Confidence in God Alone -- Longing to See God in the Sanctuary -- A Prayer for Protection from the Conspiracy of Terror -- God of Grace and God of Glory -- Praise from All the Earth -- Why God's Face Shines upon Us -- The Lord's Triumphal March and Ascension to Mount Zion -- Zeal for the House of the Lord -- Make Haste To Save Me -- The Faith of an Aging Saint -- The Everlasting Dominion of the Righteous King -- The Troubling Prosperity of the Wicked versus the Hope of Glory -- The Destruction of God's Sanctuary -- An Oracle on the LORD's Certain Judgment -- The Terrifying Power of the Divine Judge -- Comfort for the Troubled Soul -- They Forgot His Works -- Avenging the Destruction of Jerusalem -- The Restoration of the Lord's Vine -- A Festival for the Remembrance of the Lord's Deliverance -- The Rebuke of Judges -- The Desire for Judgment on Evil Nations -- Delight in the Sanctuary of the Lord -- When Righteousness and Peace Kiss -- Supplication to the Incomparable God -- Glorious Zion, City of God -- Persistent Prayer for Deliverance from Death's Darkness -- A Prayer for the Fulfillment of the Davidic Covenant.</subfield>
  </datafield>
  <datafield tag="505" ind1="0" ind2=" ">
    <subfield code="a">Volume 3.</subfield>
    <subfield code="a">Psalms 90-150.</subfield>
  </datafield>
  <datafield tag="526" ind1=" " ind2=" ">
    <subfield code="a">SEG42</subfield>
  </datafield>
  <datafield tag="526" ind1=" " ind2=" ">
    <subfield code="a">SEG41</subfield>
  </datafield>
  <datafield tag="526" ind1=" " ind2=" ">
    <subfield code="a">SEG40</subfield>
  </datafield>
  <datafield tag="526" ind1=" " ind2=" ">
    <subfield code="a">SEG39</subfield>
  </datafield>
  <datafield tag="526" ind1=" " ind2=" ">
    <subfield code="a">P94</subfield>
  </datafield>
  <datafield tag="526" ind1=" " ind2=" ">
    <subfield code="a">P87</subfield>
  </datafield>
  <datafield tag="526" ind1=" " ind2=" ">
    <subfield code="a">P86</subfield>
  </datafield>
  <datafield tag="526" ind1=" " ind2=" ">
    <subfield code="a">P85</subfield>
  </datafield>
  <datafield tag="526" ind1=" " ind2=" ">
    <subfield code="a">P77</subfield>
  </datafield>
  <datafield tag="526" ind1=" " ind2=" ">
    <subfield code="a">P76</subfield>
  </datafield>
  <datafield tag="526" ind1=" " ind2=" ">
    <subfield code="a">P35</subfield>
  </datafield>
  <datafield tag="630" ind1="0" ind2="4">
    <subfield code="a">Biblia.</subfield>
    <subfield code="p">Salmos</subfield>
    <subfield code="v">Comentarios.</subfield>
  </datafield>
  <datafield tag="910" ind1=" " ind2=" ">
    <subfield code="a">dbm</subfield>
    <subfield code="b">ncf</subfield>
    <subfield code="c">ncf</subfield>
    <subfield code="d">20171220</subfield>
  </datafield>
  <datafield tag="942" ind1=" " ind2=" ">
    <subfield code="2">ddc</subfield>
    <subfield code="c">BOOK</subfield>
  </datafield>
  <datafield tag="994" ind1=" " ind2=" ">
    <subfield code="a">C0</subfield>
    <subfield code="b">PEPRU</subfield>
  </datafield>
  <datafield tag="596" ind1=" " ind2=" ">
    <subfield code="a">1</subfield>
  </datafield>
  <datafield tag="999" ind1=" " ind2=" ">
    <subfield code="a">223.2077 R84 1</subfield>
    <subfield code="w">DEWEY</subfield>
    <subfield code="c">26300</subfield>
    <subfield code="i">77668</subfield>
    <subfield code="d">26300</subfield>
    <subfield code="e">2019-10-10</subfield>
    <subfield code="f">2021-11-9</subfield>
    <subfield code="g">4</subfield>
    <subfield code="l">CCODEBUL1</subfield>
    <subfield code="m">BUL</subfield>
    <subfield code="n">2</subfield>
    <subfield code="p">45.54</subfield>
    <subfield code="q">6</subfield>
    <subfield code="r">0</subfield>
    <subfield code="s">Y</subfield>
    <subfield code="t">BOOK</subfield>
    <subfield code="u">2017-12-21</subfield>
    <subfield code="x">TEOLOGIA</subfield>
    <subfield code="P">P85</subfield>
    <subfield code="0">DONACION</subfield>
    <subfield code="o">.STAFF. Colecci&#xF3;n Teolog&#xED;a</subfield>
  </datafield>
  <datafield tag="999" ind1=" " ind2=" ">
    <subfield code="a">223.2077 R84 2</subfield>
    <subfield code="w">DEWEY</subfield>
    <subfield code="c">1</subfield>
    <subfield code="i">77669</subfield>
    <subfield code="d">2018-8-21</subfield>
    <subfield code="f">2021-11-9</subfield>
    <subfield code="g">4</subfield>
    <subfield code="l">CCODEBUL1</subfield>
    <subfield code="m">BUL</subfield>
    <subfield code="p">45.54</subfield>
    <subfield code="q">2</subfield>
    <subfield code="r">0</subfield>
    <subfield code="s">Y</subfield>
    <subfield code="t">BOOK</subfield>
    <subfield code="u">2017-12-21</subfield>
    <subfield code="x">TEOLOGIA</subfield>
    <subfield code="P">P85</subfield>
    <subfield code="0">DONACION</subfield>
    <subfield code="o">.STAFF. Colecci&#xF3;n Teolog&#xED;a</subfield>
  </datafield>
  <datafield tag="999" ind1=" " ind2=" ">
    <subfield code="a">223.2077 R84 3</subfield>
    <subfield code="w">DEWEY</subfield>
    <subfield code="c">1</subfield>
    <subfield code="i">77670</subfield>
    <subfield code="d">2019-6-21</subfield>
    <subfield code="e">2019-6-20</subfield>
    <subfield code="f">2021-11-9</subfield>
    <subfield code="g">4</subfield>
    <subfield code="l">CCODEBUL1</subfield>
    <subfield code="m">BUL</subfield>
    <subfield code="n">5</subfield>
    <subfield code="p">45.54</subfield>
    <subfield code="q">13</subfield>
    <subfield code="r">0</subfield>
    <subfield code="s">Y</subfield>
    <subfield code="t">BOOK</subfield>
    <subfield code="u">2017-12-21</subfield>
    <subfield code="x">TEOLOGIA</subfield>
    <subfield code="P">P85</subfield>
    <subfield code="0">DONACION</subfield>
    <subfield code="o">.STAFF. Colecci&#xF3;n Teolog&#xED;a</subfield>
  </datafield>
  <datafield tag="980" ind1=" " ind2=" ">
    <subfield code="8">1</subfield>
    <subfield code="g">ALBERTO SANCHEZ Responsable de Automatizaci&#xF3;n</subfield>
  </datafield>
  <datafield tag="952" ind1=" " ind2=" ">
    <subfield code="r">2025-12-02 00:00:00</subfield>
    <subfield code="i">5</subfield>
    <subfield code="l">4</subfield>
    <subfield code="o">223.2077 R84 1</subfield>
    <subfield code="p">77668</subfield>
    <subfield code="s">2023-10-02</subfield>
    <subfield code="t">e1</subfield>
    <subfield code="v">50.54</subfield>
    <subfield code="w">2017-12-21</subfield>
    <subfield code="x">PG</subfield>
    <subfield code="y">BK</subfield>
    <subfield code="z">inventario-2023-12-13</subfield>
    <subfield code="1">0</subfield>
    <subfield code="2">ddc</subfield>
    <subfield code="5">0</subfield>
    <subfield code="7">0</subfield>
    <subfield code="8">GEN</subfield>
    <subfield code="f">P85</subfield>
    <subfield code="a">BUL</subfield>
    <subfield code="b">BUL</subfield>
    <subfield code="c">GEN</subfield>
    <subfield code="d">2017-12-21</subfield>
    <subfield code="e">DONACION</subfield>
    <subfield code="g">45.54</subfield>
  </datafield>
  <datafield tag="952" ind1=" " ind2=" ">
    <subfield code="r">2025-12-02 00:00:00</subfield>
    <subfield code="i">5</subfield>
    <subfield code="l">6</subfield>
    <subfield code="o">223.2077 R84 2</subfield>
    <subfield code="p">77669</subfield>
    <subfield code="s">2023-10-10</subfield>
    <subfield code="t">e1</subfield>
    <subfield code="v">50.54</subfield>
    <subfield code="w">2017-12-21</subfield>
    <subfield code="x">PG</subfield>
    <subfield code="y">BK</subfield>
    <subfield code="z">inventario-2023-12-13</subfield>
    <subfield code="1">0</subfield>
    <subfield code="2">ddc</subfield>
    <subfield code="5">0</subfield>
    <subfield code="7">0</subfield>
    <subfield code="8">GEN</subfield>
    <subfield code="f">P85</subfield>
    <subfield code="a">BUL</subfield>
    <subfield code="b">BUL</subfield>
    <subfield code="c">GEN</subfield>
    <subfield code="d">2017-12-21</subfield>
    <subfield code="e">DONACION</subfield>
    <subfield code="g">45.54</subfield>
  </datafield>
  <datafield tag="952" ind1=" " ind2=" ">
    <subfield code="r">2025-12-02 00:00:00</subfield>
    <subfield code="i">5</subfield>
    <subfield code="l">1</subfield>
    <subfield code="o">223.2077 R84 3</subfield>
    <subfield code="p">77670</subfield>
    <subfield code="s">2025-10-17</subfield>
    <subfield code="t">e1</subfield>
    <subfield code="v">50.54</subfield>
    <subfield code="w">2017-12-21</subfield>
    <subfield code="x">PG</subfield>
    <subfield code="y">BK</subfield>
    <subfield code="z">inventario-2023-12-13</subfield>
    <subfield code="1">0</subfield>
    <subfield code="2">ddc</subfield>
    <subfield code="5">0</subfield>
    <subfield code="7">0</subfield>
    <subfield code="8">GEN</subfield>
    <subfield code="f">P85</subfield>
    <subfield code="a">BUL</subfield>
    <subfield code="b">BUL</subfield>
    <subfield code="c">GEN</subfield>
    <subfield code="d">2017-12-21</subfield>
    <subfield code="e">DONACION</subfield>
    <subfield code="g">45.54</subfield>
  </datafield>
</record>
